000 01340cam a22003737a 4500
003 CHAP
005 20220329134228.0
008 971013s1964 r 00010 d
010 _a17308
011 _a18280
035 _a22365
040 _cCHAP
082 _a519.535
_bJ6
100 0 0 _aJohnson, Norman Lloyd.
_961859
245 0 _aStatistics and experimental design in engineerin and the physical sciences
_cby Norman Lloyd Johnson
260 _aNew York :
_bWiley,
_c1964.
300 _a2 v
490 0 _aWiley publication in statistics
590 _aBATCH-UPD
_b10
_c20130110
_lUCH01
_h0159
590 _aBATCH-UPD
_b10
_c20130110
_lUCH01
_h1603
590 _aBATCH-UPD
_b10
_c20130410
_lUCH01
_h0959
590 _aBATCH-UPD
_b10
_c20130914
_lUCH01
_h0346
590 _aCONVERSION
_b10
_c20130109
_lUCH01
_h1311
650 1 4 _aAnálisis de varianza.
_95977
650 1 4 _aDiseños experimentales.
_932735
650 1 4 _aEstadística.
_938241
700 0 _aLeone, Fred C.
_966070
830 0 _aWiley publication in statistics
_9121939
901 _aBK
942 _cLIBRO
949 _a519.535 J6
_bBC
_cLIBRO
_d33724000383360
_eLIBRO
_fv.2 c.2
_h41598
_i22365
_si
_t196.90
949 _a519.535 J6
_bBC
_cLIBRO
_d33724000383378
_eLIBRO
_fv.2
_h31168
_i22365
_si
949 _a519.535 J6
_bBC
_cLIBRO
_d33724000383386
_eLIBRO
_fv.1
_h1142
_i22365
_si
_t196.90
999 _c17308
_d17308